El lobo estepario /
Guardado en:
| Autor Principal: | |
|---|---|
| Formato: | Libro |
| Publicado: |
México :
Editores Mexicanos Unidos,
1980
|
| Edición: | 4a. ed. |
| Materias: | |
| Etiquetas: |
Agregar Etiqueta
Sin Etiquetas, Sea el primero en etiquetar este registro!
|
| LEADER | 00524nam a22001935a 4500 | ||
|---|---|---|---|
| 001 | CEM.cems003247 | ||
| 005 | 19000101000000.0 | ||
| 008 | 130507s1980##################000#0#####d | ||
| 003 | CEMS | ||
| 082 | 0 | 4 | |a 833.9 |
| 100 | 1 | |a Hesse, Hermann | |
| 245 | 1 | 0 | |a El lobo estepario / |c Hermann Hesse |
| 250 | |a 4a. ed. | ||
| 260 | |a México : |b Editores Mexicanos Unidos, |c 1980 | ||
| 300 | |a 243 p. | ||
| 653 | |a Literatura | ||
| 653 | |a Novela alemana | ||
| 653 | |a Novelas | ||
| 859 | |a CEMS |b BIB. CEMS - 11 de abril |h 833.9 |i H463-1a4 |p 15897.90 |t Ej.1 | ||
